| 000 | 00539nam a22001697a 4500 | ||
|---|---|---|---|
| 003 | OSt | ||
| 005 | 20130502171216.0 | ||
| 008 | 130502s2011 sp ||||| |||| 00| 0 cat d | ||
| 040 | _cCDMR | ||
| 245 | 0 | 3 |
_aEl Sanpolench _b: 1890-1892 _credacció, idea i coordinació Josep Mª Sauleda Parés i Teresa Maria Bou Roura |
| 250 | _aEd. facsímil | ||
| 260 |
_a[s. l] _b[s.n.] _cDL 2011 |
||
| 300 | _a39, [520] p. | ||
| 500 | _aReprodueix la publicació El Sanpolench núm. 1-60 | ||
| 650 | 0 | 4 |
_91524 _aPremsa _xHistòria _zCatalunya |
| 942 |
_2udc _cMON |
||
| 999 |
_c6167 _d6167 |
||